Y después de Occidente ¿qué?

Furkejuvvon:
Bibliográfalaš dieđut
Váldodahkki: Retamal Favereau, Julio (Dahkki)
Materiálatiipa: Girji
Giella:espánnjágiella
Almmustuhtton: Santiago Andrés Bello 2004
Preanttus:5a. ed
Fáttát:
Fáddágilkorat: Lasit fáddágilkoriid
Eai fáddágilkorat, Lasit vuosttaš fáddágilkora!

MARC

LEADER 00000cam a2200000 a 4500
001 UCC1668
003 CL-VaPUC
008 171117e20040000cl |||||||||||||||||spa|d
020 |a 9561318210 
082 0 4 |a 306  |b RET  |2 21 
100 0 |a Retamal Favereau, Julio  |e author  |9 595715 
245 1 0 |a Y después de Occidente ¿qué? 
250 |a 5a. ed 
300 |a 326 p 
942 |c BK 
945 |d 20171117 16:06:00  |a dcastane 
260 |a Santiago  |b Andrés Bello  |c 2004 
650 7 |a CULTURA OCCIDENTAL  |2 CL-VaPUC  |9 387716 
583 |a last modification  |c 20171117 16:06:00  |k Rodrigo Vera 
999 |c 370067  |d 370065 
952 |0 0  |1 0  |3 erb  |4 0  |6 306_000000000000000_RET_2004  |7 0  |8 A  |9 486358  |a BIBEDU  |b BIBEDU  |i 5437733  |o 306 RET 2004  |p 5437733  |r 2019-11-24  |w 2019-11-24  |y BK  |z Catalogado en:20171117  |k EBA